Frontier Regulations Enquiry Committee(1931) (Record no. 1039609)

MARC details
000 -LEADER
fixed length control field 00683nam a2200241Ia 4500
003 - CONTROL NUMBER IDENTIFIER
control field OSt
005 - DATE AND TIME OF LATEST TRANSACTION
control field 20221005120933.0
008 - FIXED-LENGTH DATA ELEMENTS--GENERAL INFORMATION
fixed length control field 221004b |||||||| |||| 00| 0 eng d
037 ## - SOURCE OF ACQUISITION
Terms of availability Textual
040 ## - CATALOGING SOURCE
Original cataloging agency CRL
Transcribing agency CRL
Language of cataloging eng
041 ## - LANGUAGE CODE
Source of code eng
Language code of text/sound track or separate title eng
110 ## - MAIN ENTRY--CORPORATE NAME
Corporate name or jurisdiction name as entry element India,Frontier Regulations Enquiry Committee(1931).
9 (RLIN) 629847
245 #0 - TITLE STATEMENT
Title Frontier Regulations Enquiry Committee(1931)
Remainder of title Report
260 ## - PUBLICATION, DISTRIBUTION, ETC.
Date of publication, distribution, etc. 1931
650 ## - SUBJECT ADDED ENTRY--TOPICAL TERM
Topical term or geographic name entry element LAW
700 ## - ADDED ENTRY--PERSONAL NAME
Personal name India,Frontier Regulations Enquiry Committee(1931).
9 (RLIN) 629848
942 ## - ADDED ENTRY ELEMENTS (KOHA)
Classification part Z2:57N31, G1
Koha item type Textual
Source of classification or shelving scheme
Holdings
Withdrawn status Lost status Damaged status Not for loan Home library Current library Date acquired Total Checkouts Full call number Barcode Date last seen Price effective from Koha item type
        Central Library Central Library 2022-10-05   Z2:57N31 G1 CL0204958 2022-10-05 2022-10-05 Textual
Copyright @ Delhi University Library System